| 000 | 01411nam a2200229Ia 4500 | ||
|---|---|---|---|
| 001 | 15732 | ||
| 003 | GE_BSU | ||
| 008 | 181216s||||||||xx |||||||||||||| ||und|| | ||
| 040 | _cGE_BSU | ||
| 080 | _a821.353.1-32 | ||
| 100 | _aხორგუაშვილი, გიორგი | ||
| 245 | _aცხრაუღელა | ||
| 245 | _bმოთხრობები | ||
| 245 | _cრედ.ნ.იაშვილი. მხ. ტ.შეყილაძე | ||
| 260 | _aთბილისი | ||
| 260 | _bსაბჭ. საქართველო | ||
| 260 | _c1984 | ||
| 300 | _a552გვ. ; 21სმ | ||
| 653 | _aატენური; დეზდემონას სიკვდილი; საუკუნო სასჯელი; ხარის გაგიჟება; ბერძნული თამაში; კნაპე; ცოცხალი სულები; აჩრდილები; არამკითხე ჭირისუფალი; ცხრაუღელა; ძუძუსხატი | ||
| 653 | _aმაღალი ღმერთი; ძია შიოს უცნაურობანი; ალავერდი; სიცილი უცინარისა; აღსასრულის ჟამს; ოცდაათი ვერცხლი; უთქმელი სადღეგრძელო; ზედაშე | ||
| 942 | _cBK | ||
| 999 |
_c48830 _d48830 |
||